Radiological impacts of spent nuclear fuel management options <a> comparative study

Enregistré dans:
Détails bibliographiques
Collectivité auteur: OECD. Nuclear Energy Agency
Format: Livre
Langue:anglais
Publié: Paris OECD 2000
Collection:Radiation Protection
Sujets:
Tags: Ajouter un tag
Pas de tags, Soyez le premier à ajouter un tag!

MARC

LEADER 00000nam a2200000 4500
001 c122628
005 20221221084709.1
020 |a 92-64-17657-8 
041 0 |a eng 
044 |a FR 
245 1 0 |a Radiological impacts of spent nuclear fuel management options  |b <a> comparative study 
264 1 |a Paris  |b OECD  |c 2000 
300 |a 124 s. 
490 1 |a Radiation Protection 
830 0 |a Radiation Protection 
610 2 0 |a rádioaktivita 
610 2 0 |a prostredie životné 
610 2 0 |a palivá 
610 2 0 |a urán 
610 2 0 |a odpad 
610 2 0 |a ochrana prostredia životného 
610 2 0 |a ochrana zdravia 
610 2 0 |a preprava 
610 2 0 |a ukazovatele 
610 2 0 |a odhady 
610 2 0 |a experti 
610 2 0 |a vplyvy na prácu 
610 2 0 |a ukazovatele 
610 2 0 |a štúdie 
610 2 0 |a OECD 
710 2 |a OECD. Nuclear Energy Agency